000 00677nam a2200229 a 4500
001 9949
003 CO-ViMGA
008 141112s2004 ck r 000 u spa d
020 _a9589061842
040 _aCO-ViMGA
_bspa
_cCO-ViMGA
082 0 4 _a333.72 H37i
100 1 _aHernández ; Camillo Antonio,
_912135
245 1 0 _aIdeas y Practicas Ambientales del Pueblo Embera del Choco
260 _aBogotá :
_bColcultura,
_c1995
300 _a159p.
650 1 4 _aEL JAIBANA
_912136
650 1 4 _aETNOHISTORIA
_912137
650 1 4 _aJAIS Y SERES HUMANOS
_912138
650 1 4 _aLOS EMBERA EN LA TIERRA DEL CHOCO
_912139
650 1 4 _aORIGEN DE LA CULTURA
_912140
942 _2ddc
_cBK
999 _c21326
_d21326